Načítá se...
Hindu manners, customs and ceremonies /
| Hlavní autor: | |
|---|---|
| Médium: | Printed Book |
| Vydáno: |
New Delhi :
Asian educational services,
c1992.
|
| Vydání: | First |
| Témata: |
| LEADER | 00502 a2200121 4500 | ||
|---|---|---|---|
| 020 | |a 8120602382 | ||
| 100 | |a Dubois, J. A. | ||
| 245 | |a Hindu manners, customs and ceremonies / |c Edited byBeauchamp, Henry K. | ||
| 250 | |a First | ||
| 260 | |a New Delhi : |b Asian educational services, |c c1992. | ||
| 650 | |a Hinduism--Customs and practices | ||
| 999 | |c 284012 |d 284012 | ||
| 952 | |0 0 |1 0 |2 ddc |4 0 |6 390_000000000000000_DUB_H |7 0 |8 NFIC |9 322166 |a FLK |b FLK |c GEN |d 2015-12-30 |e BK |g 495.00 |i 120 |l 0 |o 390 DUB/H |p FLK120 |r 2016-01-29 |w 2016-01-29 |y BK | ||